Statistiken für Beste Champions League Torschützen FC Chelsea

Klicken Sie hier um das Quiz zu spielen!

Allgemein

  • Dieses Quiz wurde 189 mal gespielt
  • Das Durchschnittsergebnis liegt bei 16 aus 26

Antwortstatistiken

SaisonNationalitätToreSpieler% Korrekt
2021/22Deutschland4Timo Werner
92%
2019/20Deutschland4Timo Werner
92%
2006/07Elfenbeinküste6Didier Drogba
91%
2011/12Elfenbeinküste6Didier Drogba
91%
2007/08Elfenbeinküste6Didier Drogba
91%
2008/09Elfenbeinküste5Didier Drogba
91%
2004/05Elfenbeinküste5Didier Drogba
91%
2009/10Elfenbeinküste3Didier Drogba
91%
2022/23Ukraine3Mykhaylo Mudryk
82%
2014/15Belgien3Eden Hazard
78%
2017/18Belgien
3
Eden Hazard
78%
2013/14Spanien4Fernando Torres
64%
2022/23England3Raheem Sterling
64%
2020/21Frankreich6Olivier Giroud
57%
2005/06England2Frank Lampard
55%
2003/04England4Frank Lampard
55%
2015/16Brasilien5Willian
55%
2017/18Brasilien3Willian
55%
2012/13Brasilien5Oscar
40%
2009/10Frankreich3Nicolas Anelka
35%
2010/11Frankreich7Nicolas Anelka
35%
2009/10Elfenbeinküste3Salomon Kalou
30%
2005/06Argentinien2Hernán Crespo
26%
2005/06Portugal2Ricardo Carvalho
24%
1999/00Norwegen8Tore André Flo
11%
2005/06Portugal2Tiago
3%

Verteilung der Resultate

Perzentil nach korrekt beantworteten Fragen

Anzahl Personen mit jedem Resultat

Ihre Resultats-Entwicklung

Sie haben dieses Quiz noch nicht gespielt